00674nam a2200121Ia 4500008004100000100002800041245015300069245015900222260004700381260000900428650002200437856009300459160809s9999 xx 000 0 und d aPapaioannou, Christina. aTHE EFFECT OF A DISABILITY CAMP PROGRAM ON ATTITUDES TOWARDS THE INCLUSION OF CHILDREN WITH DISABILITIES IN A SUMMER SPORT AND LEISURE ACTIVITY CAMP cChristina Papaioannou Christina Evaggelinou Aristotle University of Thessaloniki Aristotle University of Thessaloniki Martin Block University of Virginia. bInternational Journal of Special Education c2014 xSPECIAL EDUCATION uhttp://www.internationaljournalofspecialed.com/issues/IJSE%20ENTIRE%20ISSUE%2029%201.pdf